Métodos cualitativos y cuantitativos en investigación evaluativa
Guardat en:
| Autors principals: | , |
|---|---|
| Format: | Llibre |
| Idioma: | espanyol |
| Publicat: |
Madrid
Morata
1986
|
| Edició: | 1a. ed |
| Col·lecció: | Colección Pedagogía
|
| Matèries: | |
| Etiquetes: |
Afegir etiqueta
Sense etiquetes, Sigues el primer a etiquetar aquest registre!
|
MARC
| LEADER | 00000cam a2200000 a 4500 | ||
|---|---|---|---|
| 001 | UCW3789 | ||
| 003 | CL-VaPUC | ||
| 008 | 890328e19860000SP |||||||||||||||||spa|d | ||
| 020 | |a 847112310X | ||
| 082 | 0 | 4 | |a 370.78 |b COO |2 21 |
| 100 | 0 | |a Cook, Thomas D |e author |9 308170 | |
| 700 | 0 | |a Reichardt, Charles S |e author |9 308171 | |
| 245 | 1 | 0 | |a Métodos cualitativos y cuantitativos en investigación evaluativa |
| 250 | |a 1a. ed | ||
| 300 | |a 228 p | ||
| 942 | |c BK | ||
| 945 | |d 19890328 00:00:00 | ||
| 260 | |a Madrid |b Morata |c 1986 | ||
| 650 | 0 | |a Ciencias sociales |9 256351 | |
| 650 | 0 | |a Ciencias sociales |v Investigación |9 307767 | |
| 650 | 0 | |a Métodos estadísticos |9 259407 | |
| 583 | |a last modification |c 20131001 05:28:13 |k Rodrigo Vera | ||
| 490 | 0 | |a Colección Pedagogía | |
| 999 | |c 217681 |d 217679 | ||
| 952 | |0 0 |1 0 |4 0 |6 370_780000000000000_COO_1986 |7 0 |8 A |9 205747 |a BIBEDU |b BIBEDU |d 2019-11-15 |i 2736926 |o 370.78 COO 1986 |p 2736926 |r 2019-11-15 |w 2019-11-15 |y BK |k EDU | ||
| 952 | |0 0 |1 0 |4 0 |6 370_780000000000000_COO_1986 |7 0 |8 A |9 205748 |a BIBTEO |b BIBTEO |d 2019-11-15 |i 3542165 |o 370.78 COO 1986 |p 3542165 |r 2025-01-17 |w 2019-11-15 |y BK |k ICR | ||
| 952 | |0 0 |1 0 |4 0 |6 370_780000000000000_COO_1986 |7 0 |8 A |9 205749 |a BIBEDU |b BIBEDU |c ES_NOD |d 2019-11-15 |i 3630641 |o 370.78 COO 1986 |p 3630641 |r 2023-08-09 |w 2019-11-15 |y BK |k EDU | ||
| 952 | |0 0 |1 0 |4 0 |6 370_780000000000000_COO_1986 |7 0 |8 A |9 205750 |a BIBEDU |b BIBEDU |d 2019-11-15 |i 3196011 |o 370.78 COO 1986 |p 3196011 |r 2019-11-15 |w 2019-11-15 |y BK |k EDU | ||
| 952 | |0 0 |1 0 |4 0 |6 370_780000000000000_COO_1986 |7 0 |8 A |9 205751 |a BIBGIM |b BIBGIM |d 2019-11-15 |i 3252612 |o 370.78 COO 1986 |p 3252612 |r 2025-01-15 |w 2019-11-15 |y BK |k SSL | ||
| 952 | |0 0 |1 0 |4 0 |6 370_780000000000000_COO_1986 |7 0 |8 A |9 205752 |a BIBING |b BIBING |d 2019-11-15 |i 363860K |o 370.78 COO 1986 |p 363860K |r 2025-01-20 |w 2019-11-15 |y BK |k GEO | ||
| 952 | |0 0 |1 0 |2 ddc |4 0 |6 370_780000000000000_COO_1986 |7 0 |8 A |9 205753 |a BIBTEO |b BIBTEO |d 2019-11-15 |i 3635333 |l 2 |o 370.78 COO 1986 |p 3635333 |r 2025-01-17 |s 2023-09-05 |w 2019-11-15 |y BK |k ICR | ||
| 952 | |0 0 |1 0 |4 0 |6 370_780000000000000_COO_1986 |7 0 |8 A |9 205754 |a BIBEDU |b BIBEDU |c ES_NOD |d 2019-11-15 |i 4098358 |l 1 |o 370.78 COO 1986 |p 4098358 |r 2023-11-03 |s 2023-11-03 |w 2019-11-15 |y BK |k EDI | ||
| 952 | |0 0 |1 0 |4 0 |6 370_780000000000000_COO_1986 |7 0 |8 A |9 205755 |a BIBEDU |b BIBEDU |c ES_NOD |d 2019-11-15 |i 4098366 |o 370.78 COO 1986 |p 4098366 |r 2023-08-09 |w 2019-11-15 |y BK |k EDI | ||
| 952 | |0 0 |1 0 |4 0 |6 370_780000000000000_COO_1986 |7 0 |8 A |9 205756 |a BIBEDU |b BIBEDU |c ES_NOD |d 2019-11-15 |i 411762K |o 370.78 COO 1986 |p 411762K |r 2023-08-09 |w 2019-11-15 |y BK |k PSI | ||
| 952 | |0 0 |1 0 |4 0 |6 370_780000000000000_COO_1986 |7 0 |8 A |9 205757 |a BIBEDU |b BIBEDU |d 2019-11-15 |i 4224582 |o 370.78 COO 1986 |p 4224582 |r 2019-11-15 |w 2019-11-15 |y BK |k EDU | ||
| 952 | |0 0 |1 0 |4 0 |6 370_780000000000000_COO_1986 |7 0 |8 A |9 205758 |a BIBGIM |b BIBGIM |d 2019-11-15 |i 4745094 |o 370.78 COO 1986 |p 4745094 |r 2025-01-15 |w 2019-11-15 |y BK |k SSL | ||
| 952 | |0 0 |1 0 |4 0 |6 370_780000000000000_COO_1986 |7 0 |8 A |9 205759 |a BIBGIM |b BIBGIM |d 2019-11-15 |i 4745108 |o 370.78 COO 1986 |p 4745108 |r 2025-01-15 |w 2019-11-15 |y BK |k SSL | ||
| 952 | |0 0 |1 0 |4 0 |6 370_780000000000000_COO_1986 |7 0 |8 A |9 205760 |a BIBGIM |b BIBGIM |d 2019-11-15 |i 4745116 |o 370.78 COO 1986 |p 4745116 |r 2025-01-15 |w 2019-11-15 |y BK |k SSL | ||
| 952 | |0 0 |1 0 |4 0 |6 370_780000000000000_COO_1986 |7 0 |8 A |9 205761 |a BIBGIM |b BIBGIM |d 2019-11-15 |i 4745124 |o 370.78 COO 1986 |p 4745124 |r 2025-01-15 |w 2019-11-15 |y BK |k SSL | ||
| 952 | |0 0 |1 0 |4 0 |6 370_780000000000000_COO_1986 |7 0 |8 A |9 205762 |a BIBGIM |b BIBGIM |d 2019-11-15 |i 4745132 |o 370.78 COO 1986 |p 4745132 |r 2025-01-15 |w 2019-11-15 |y BK |k SSL | ||
| 952 | |0 0 |1 0 |4 0 |6 370_780000000000000_COO_1986 |7 0 |8 A |9 205763 |a BIBGIM |b BIBGIM |d 2019-11-15 |i 4982126 |o 370.78 COO 1986 |p 4982126 |r 2025-01-15 |w 2019-11-15 |y BK |k SSL | ||
| 952 | |0 0 |1 0 |4 0 |6 370_780000000000000_COO_1986 |7 0 |8 A |9 205764 |a BIBGIM |b BIBGIM |d 2019-11-15 |i 4982134 |o 370.78 COO 1986 |p 4982134 |r 2025-01-15 |w 2019-11-15 |y BK |k SSL | ||
| 952 | |0 0 |1 0 |3 erb |4 0 |6 370_780000000000000_COO_1986 |7 0 |8 A |9 205765 |a BIBGIM |b BIBGIM |d 2019-11-15 |i 5014611 |o 370.78 COO 1986 |p 5014611 |r 2025-01-15 |w 2019-11-15 |y BK |z Catalogado en:20131004 |k SSL | ||